000 01175nac a2200349 i 4500
003 EG-GICUC
005 20260121101348.0
008 251126b2003 nyn||||fr|||| 00| 0 eng d
020 _a9780199291649
040 _aEG-GiCUC
_beng
_cEG-GiCUC
_dEG-GiCUC
_erda
082 0 4 _221
_a342.512
092 0 4 _221
099 _aLaw 08 2003
245 0 0 _aDemocracy Transformed ? :
_bExpanding Political Opportunities in Advanced Industrial Democracies /
_cEdited by Bruce Cain, Russell J. Dalton, and Susan Scarrow.
264 _aNew York :
_bOxford University Press,
_c2003.
300 _axviii, 309 page ;
_c24 cm
336 _2rda content
_atext
337 _2rda media
_aComputer
338 _2rda carrier
_aOnline Resource
490 _aComparative politics
504 _aIncludes bibliographical references (p. [276]-303) and index.
650 1 0 _aDemocracy.
650 1 0 _aElections
650 1 0 _aHistory
653 _a20th century.
700 1 _aCain, Bruce E.,
_eeditor.
700 1 _aDalton, Russell J.,
_eeditor.
700 1 _aScarrow, Susan E.,
856 4 0 _uhttps://fll.law.cu.edu.eg/fulltext/bks/ENGB08-00036.pdf
905 _a10
942 _2ddc
_cBK
_e21
_n0
999 _c46264
_d46264